LIBRARY & INFORMATION CENTRE, KCAET, TAVANUR

ONLINE PUBLIC ACCESS CATALOGUE (OPAC)

Food Safety and Preservation (Record no. 14690)

MARC details
000 -LEADER
fixed length control field 00286nam a22001217a 4500
020 ## - INTERNATIONAL STANDARD BOOK NUMBER
ISBN 9789382036616
082 ## - DEWEY DECIMAL CLASSIFICATION NUMBER
Classification number 664.028
Item number PAR/FO
100 ## - MAIN ENTRY--AUTHOR NAME
Personal name Parmar,Madhulika
245 ## - TITLE STATEMENT
Title Food Safety and Preservation
260 ## - PUBLICATION, DISTRIBUTION, ETC. (IMPRINT)
Place of publication New Delhi
Name of publisher Black Prints
Year of publication 2014
300 ## - PHYSICAL DESCRIPTION
Number of Pages 286
942 ## - ADDED ENTRY ELEMENTS (KOHA)
Koha item type Books
Holdings
Withdrawn status Lost status Damaged status Collection code Home library Current library Shelving location Date acquired Source of acquisition Cost, normal purchase price Full call number Accession Number Koha item type
        KAUAET KAUAET General Stacks 27/07/2016 Penta Books Distributors, Calicut. 875.00 664.028 PAR/FO 24179 Books
free website counter